<?xml version="1.0" encoding="UTF-8"?>
<collection xmlns="http://www.loc.gov/MARC21/slim">
 <record>
  <leader>00506pamaa2200169   4500</leader>
  <controlfield tag="001">0000033874</controlfield>
  <controlfield tag="005">20060627090000.0</controlfield>
  <datafield tag="020" ind1="0" ind2="0">
   <subfield code="a">0761515534 </subfield>
  </datafield>
  <datafield tag="082" ind1=" " ind2=" ">
   <subfield code="a">616.852706 BRA</subfield>
  </datafield>
  <datafield tag="090" ind1="0" ind2="0">
   <subfield code="a">RC537 </subfield>
   <subfield code="b">BRA 1999</subfield>
  </datafield>
  <datafield tag="100" ind1="1" ind2="0">
   <subfield code="a">BRATMAN </subfield>
  </datafield>
  <datafield tag="245" ind1="1" ind2="0">
   <subfield code="a">St.John's worth and depression  </subfield>
   <subfield code="c">Steven Bratnam.</subfield>
  </datafield>
  <datafield tag="260" ind1="0" ind2="0">
   <subfield code="a">California: </subfield>
   <subfield code="b">Prima Publishing, </subfield>
   <subfield code="c">1999.</subfield>
  </datafield>
  <datafield tag="300" ind1=" " ind2=" ">
   <subfield code="a">x, 177p.; </subfield>
   <subfield code="c">18cm.</subfield>
  </datafield>
  <datafield tag="440" ind1="0" ind2="0">
   <subfield code="a">The Natural Pharmacist</subfield>
  </datafield>
  <datafield tag="650" ind1="0" ind2="0">
   <subfield code="a">Depressin,Mental -- </subfield>
   <subfield code="x">Alternative treatment </subfield>
  </datafield>
  <datafield tag="650" ind1="0" ind2="0">
   <subfield code="a">Triadenum virginicum -- </subfield>
   <subfield code="x">Therapeutic </subfield>
  </datafield>
 </record>
</collection>
